000 00542nam a2200217Ia 4500
003 OSt
005 20220928143057.0
006 a|||||r|||| 00| 0
007 ta
008 220927b |||||||| |||| 00| 0 eng d
024 _a21019
037 _cTextual
040 _aSDCL
_cSDCL
_beng
041 _2eng
_aeng
082 _aP152:4, N4
100 _aOjha Tribhuvan
_9504560
245 0 _aHindi me anekarthakta ka anusheelan.
260 _c1994
942 _hP152:4, N4
_cTEXL
_2CC
999 _c823081
_d823081